000 00664nam a2200241Ia 4500
003 OSt
005 20220918172707.0
006 a|||||r|||| 00| 0
007 ta
008 220917b |||||||| |||| 00| 0 eng d
024 _a2,475
037 _cTextual
040 _aARTS
_cARTS
_beng
041 _2eng
_aeng
082 _azw, L6
100 _aKatanka Michael ed
_942771
245 0 _aWriters and rebels
_b From the fabian biographical series
260 _aLondon
_bCharles Knight
_c1976
300 _a238p bibliographies p221-235
_ccm.
650 _aGENERALIA
942 _hzw, L6
_cTEXL
_2CC
999 _c145173
_d145173